000 00660nam a2200265 a 4500
999 _c9837
_d9837
001 9837
003 BD-JhCC
005 20180402110054.0
008 180402s1989 enkac 000 0 eng d
020 _a0951183575
035 _a(BD-JhCC)9837
040 _aBD-JhCC
_dBD-JhCC
041 _aeng
050 0 _aHD38
080 _a65.012.4
082 _a658.4/092
_219
_bMAC 1989
100 1 _aMackinnon, Cleodie
245 1 0 _aGreat leaders /
_cCleodie Mackinnon
260 _aGuildford :
_bTalbot Adair Press,
_c1989.
300 _a312 p. :
_bill., ports. ;
_c26 cm
650 0 _aLeadership
650 0 _aManagement
942 _2ddc
_cREF